000 00304nam a22001337a 4500
008 171018b xxu||||| |||| 00| 0 eng d
020 _a9780534871987
041 _aeng
080 _a338
100 _a53
101 _amng
245 _aCOMPENSATION THEORY AND PRACTICE
_cWALLACE, M.J
942 _2udc
_cBK
999 _c34581
_d34581